International Law a South African Perspective / (Record no. 987)

MARC details
000 -LEADER
fixed length control field 00534nam a22001697a 4500
005 - DATE AND TIME OF INPUT
control field 20231128072026.0
008 - DATA ELEMENTS--GENERAL INFORMATION
fixed length control field 231128b |||||||| |||| 00| 0 eng d
020 ## - INTERNATIONAL STANDARD BOOK NUMBER
International Standard Book Number 0702131644 ; 0702130710
041 ## - LANGUAGE CODE
Language code of text English
082 ## - SHELF NUMBER
DDC number 341 DUG
100 ## - MAIN AUTHOR
Main author's name Dugard, J
Language of a work English
245 ## - TITLE STATEMENT
Title International Law a South African Perspective /
Statement of responsibility, etc. J Dugard
260 ## - PUBLICATION, DISTRIBUTION, ETC.
Place of publication, distribution, etc. Cape Town :
Name of publisher, distributor, etc. Juta and Company Ltd,
Date of publication, distribution, etc. 1994
300 ## - PHYSICAL DESCRIPTION
Other physical details xxxviii, 372 pages ;
Dimensions 26 cm.
650 ## - SUBJECT`
Broad subject Legal practice
Own subject terms Law
942 ## - ADDED ENTRY ELEMENTS (KOHA)
Item type Books
942 ## - ADDED ENTRY ELEMENTS (KOHA)
-- ALISON_BN_VRIES
Holdings
Source of classification or shelving scheme Not for loan Collection code Home library Current library Shelving location Date acquired Full call number Barcode Price effective from Koha item type
Dewey Decimal Classification   TEXT BOOKS LAW SOCIETY OF NAMIBIA LIBRARY - WINDHOEK LAW SOCIETY OF NAMIBIA LIBRARY - WINDHOEK International law and private international law 11/28/2023 341 DUG LSN/1994/52 11/28/2023 Books